[Event "DEM U10w 2022"]
[Site "Willingen GER"]
[Date "2022.06.10"]
[Round "9"]
[White "Nönnig, Lotte"]
[Black "Ramakrishnan, Veda"]
[Result "1-0"]
[Termination "normal"]
[Board "1"]
[WhiteElo "1049"]
[BlackElo "1191"]
[WhiteClock "00:50:38"]
[BlackClock "00:17:20"]
[PlyCount "125"]
[WhiteFideId "34611509"]
[BlackFideId "16269519"]
[EventCountry "GER"]
[EventRounds "11"]
[EventType "swiss"]
[EventDate "2022.06.04"]

1. e4 {[%clk 01:15:59]} {[%emt 00:00:01]} d5 {[%clk 01:15:54]} {[%emt
00:00:06]} 2. exd5 {[%clk 01:16:23]} {[%emt 00:00:06]} Qxd5 {[%clk 01:16:13]}
{[%emt 00:00:11]} 3. Nc3 {[%clk 01:16:49]} {[%emt 00:00:04]} Qd8 {[%clk
01:16:37]} {[%emt 00:00:06]} 4. d4 {[%clk 01:17:10]} {[%emt 00:00:10]} Nf6
{[%clk 01:16:52]} {[%emt 00:00:14]} 5. Nf3 {[%clk 01:17:32]} {[%emt 00:00:08]}
Bg4 {[%clk 01:16:58]} {[%emt 00:00:24]} 6. h3 {[%clk 01:17:55]} {[%emt
00:00:06]} Bxf3 {[%clk 01:16:37]} {[%emt 00:00:52]} 7. Qxf3 {[%clk 01:18:20]}
{[%emt 00:00:05]} c6 {[%clk 01:16:31]} {[%emt 00:00:35]} 8. Bf4 {[%clk
01:18:42]} {[%emt 00:00:08]} Qxd4 {[%clk 01:16:22]} {[%emt 00:00:40]} 9. Nb5
{[%clk 01:19:05]} {[%emt 00:00:06]} cxb5 {[%clk 01:10:15]} {[%emt 00:06:38]}
10. Bxb5+ {[%clk 01:19:27]} {[%emt 00:00:09]} Nbd7 {[%clk 01:10:02]} {[%emt
00:00:42]} 11. Qxb7 {[%clk 01:19:44]} {[%emt 00:00:12]} Qe4+ {[%clk 01:09:16]}
{[%emt 00:01:16]} 12. Qxe4 {[%clk 01:20:05]} {[%emt 00:00:09]} Nxe4 {[%clk
01:09:34]} {[%emt 00:00:12]} 13. Bc6 {[%clk 01:20:16]} {[%emt 00:00:19]} Rc8
{[%clk 01:08:28]} {[%emt 00:01:31]} 14. Bxe4 {[%clk 01:20:30]} {[%emt
00:00:22]} Rc4 {[%clk 01:07:47]} {[%emt 00:01:07]} 15. f3 {[%clk 01:19:52]}
{[%emt 00:01:11]} f5 {[%clk 01:05:34]} {[%emt 00:02:42]} 16. b3 {[%clk
01:15:35]} {[%emt 00:04:48]} Rc5 {[%clk 01:01:09]} {[%emt 00:04:55]} 17. Bd3
{[%clk 01:12:43]} {[%emt 00:03:23]} g6 {[%clk 01:00:12]} {[%emt 00:01:27]} 18.
O-O-O {[%clk 01:11:07]} {[%emt 00:02:06]} Bg7 {[%clk 00:58:59]} {[%emt
00:01:43]} 19. b4 {[%clk 01:09:16]} {[%emt 00:02:21]} Rc3 {[%clk 00:58:21]}
{[%emt 00:01:02]} 20. Bb5 {[%clk 01:08:34]} {[%emt 00:01:17]} Ra3 {[%clk
00:55:43]} {[%emt 00:03:08]} 21. Rxd7 {[%clk 01:07:00]} {[%emt 00:02:04]} Kf7
{[%clk 00:56:02]} {[%emt 00:00:12]} 22. Bg5 {[%clk 01:06:19]} {[%emt 00:01:10]}
Bf6 {[%clk 00:52:27]} {[%emt 00:04:05]} 23. Bxf6 {[%clk 01:03:57]} {[%emt
00:02:53]} Kxf6 {[%emt 00:00:10]} 24. Re1 {[%clk 01:02:49]} {[%emt 00:01:33]}
Rxa2 {[%clk 00:51:22]} {[%emt 00:01:59]} 25. Rdxe7 {[%clk 01:02:24]} {[%emt
00:00:56]} Rb8 {[%clk 00:50:29]} {[%emt 00:01:21]} 26. f4 {[%clk 01:01:20]}
{[%emt 00:01:36]} Ra1+ {[%clk 00:50:36]} {[%emt 00:00:23]} 27. Kd2 {[%clk
00:56:23]} {[%emt 00:05:26]} Rxe1 {[%clk 00:51:01]} {[%emt 00:00:06]} 28. Rxe1
{[%clk 00:55:30]} {[%emt 00:01:23]} Rxb5 {[%clk 00:51:19]} {[%emt 00:00:12]}
29. Rb1 {[%clk 00:55:26]} {[%emt 00:00:33]} Ke6 {[%clk 00:45:36]} {[%emt
00:06:13]} 30. Kd3 {[%clk 00:55:09]} {[%emt 00:00:45]} a5 {[%clk 00:38:01]}
{[%emt 00:08:08]} 31. Kc4 {[%clk 00:52:24]} {[%emt 00:03:14]} Rb7 {[%clk
00:34:38]} {[%emt 00:03:53]} 32. b5 {[%clk 00:50:36]} {[%emt 00:02:19]} Kd6
{[%clk 00:34:18]} {[%emt 00:00:49]} 33. Kd4 {[%clk 00:50:06]} {[%emt 00:01:00]}
Rb6 {[%clk 00:17:04]} {[%emt 00:17:45]} 34. c4 {[%clk 00:49:54]} {[%emt
00:00:41]} Rb7 {[%clk 00:15:38]} {[%emt 00:01:56]} 35. c5+ {[%clk 00:49:42]}
{[%emt 00:00:43]} Kc7 {[%clk 00:15:49]} {[%emt 00:00:14]} 36. Kd5 {[%clk
00:48:01]} {[%emt 00:02:16]} Kc8 {[%clk 00:13:57]} {[%emt 00:02:20]} 37. b6
{[%clk 00:47:41]} {[%emt 00:00:52]} Rd7+ {[%clk 00:13:10]} {[%emt 00:01:17]}
38. Ke6 {[%clk 00:47:03]} {[%emt 00:01:08]} Rd2 {[%clk 00:12:38]} {[%emt
00:01:01]} 39. b7+ {[%clk 00:47:08]} {[%emt 00:00:25]} Kb8 {[%clk 00:12:46]}
{[%emt 00:00:20]} 40. c6 {[%clk 00:46:00]} {[%emt 00:01:40]} Rd8 {[%clk
00:12:02]} {[%emt 00:01:13]} 41. Ke7 {[%clk 00:45:54]} {[%emt 00:00:38]} Kc7
{[%clk 00:10:54]} {[%emt 00:01:38]} 42. b8=Q+ {[%clk 00:45:41]} {[%emt
00:00:42]} Rxb8 {[%clk 00:11:11]} {[%emt 00:00:14]} 43. Rxb8 {[%clk 00:45:59]}
{[%emt 00:00:12]} Kxc6 {[%clk 00:11:28]} {[%emt 00:00:13]} 44. Ra8 {[%clk
00:46:09]} {[%emt 00:00:20]} Kb5 {[%clk 00:11:52]} {[%emt 00:00:05]} 45. Kf7
{[%clk 00:46:01]} {[%emt 00:00:38]} Kb4 {[%clk 00:12:02]} {[%emt 00:00:21]} 46.
Kg7 {[%clk 00:46:25]} {[%emt 00:00:06]} a4 {[%clk 00:12:27]} {[%emt 00:00:06]}
47. Kxh7 {[%clk 00:46:45]} {[%emt 00:00:08]} Kb3 {[%clk 00:12:50]} {[%emt
00:00:07]} 48. Kxg6 {[%clk 00:47:03]} {[%emt 00:00:13]} a3 {[%clk 00:12:58]}
{[%emt 00:00:22]} 49. h4 {[%clk 00:47:25]} {[%emt 00:00:07]} a2 {[%clk
00:13:23]} {[%emt 00:00:05]} 50. h5 {[%clk 00:47:46]} {[%emt 00:00:09]} Kb2
{[%clk 00:13:45]} {[%emt 00:00:08]} 51. h6 {[%clk 00:48:04]} {[%emt 00:00:13]}
a1=Q {[%clk 00:14:07]} {[%emt 00:00:07]} 52. Rxa1 {[%clk 00:48:26]} {[%emt
00:00:09]} Kxa1 {[%clk 00:14:28]} {[%emt 00:00:09]} 53. h7 {[%clk 00:48:50]}
{[%emt 00:00:05]} Ka2 {[%clk 00:14:51]} {[%emt 00:00:07]} 54. h8=Q {[%clk
00:49:09]} {[%emt 00:00:11]} Kb3 {[%clk 00:15:16]} {[%emt 00:00:06]} 55. Qc8
{[%clk 00:49:21]} {[%emt 00:00:17]} Kb4 {[%clk 00:15:41]} {[%emt 00:00:05]} 56.
Kxf5 {[%clk 00:49:25]} {[%emt 00:00:25]} Kb5 {[%clk 00:16:03]} {[%emt
00:00:09]} 57. Ke5 {[%clk 00:49:38]} {[%emt 00:00:17]} Kb6 {[%clk 00:16:26]}
{[%emt 00:00:07]} 58. Kd5 {[%clk 00:49:51]} {[%emt 00:00:17]} Ka7 {[%clk
00:16:47]} {[%emt 00:00:09]} 59. Qc5+ {[%clk 00:49:38]} {[%emt 00:00:41]} Kb8
{[%clk 00:17:04]} {[%emt 00:00:14]} 60. Kd6 {[%clk 00:49:46]} {[%emt 00:00:23]}
Ka8 {[%clk 00:17:24]} {[%emt 00:00:10]} 61. Qb5 {[%emt 00:00:26]} Ka7 {[%clk
00:16:56]} {[%emt 00:00:54]} 62. Kc7 {[%clk 00:50:16]} {[%emt 00:00:08]} Ka8
{[%clk 00:17:20]} {[%emt 00:00:06]} 63. Qb8# {[%clk 00:50:38]} {[%emt
00:00:08]} 1-0

[Event "DEM U10w 2022"]
[Site "Willingen GER"]
[Date "2022.06.10"]
[Round "9"]
[White "Kovalskyy, Alicia"]
[Black "Yang, Sophie"]
[Result "1-0"]
[Termination "normal"]
[Board "2"]
[WhiteElo "1499"]
[BlackElo "1209"]
[WhiteClock "00:16:50"]
[BlackClock "00:39:43"]
[PlyCount "89"]
[WhiteFideId "34612130"]
[BlackFideId "16279174"]
[EventCountry "GER"]
[EventRounds "11"]
[EventType "swiss"]
[EventDate "2022.06.04"]

1. e4 {[%clk 01:15:58]} {[%emt 00:08:23]} e6 {[%clk 01:15:54]} {[%emt
00:00:07]} 2. d4 {[%clk 01:16:22]} {[%emt 00:00:06]} d5 {[%clk 01:16:19]}
{[%emt 00:00:05]} 3. Nc3 {[%clk 01:16:39]} {[%emt 00:00:13]} Nf6 {[%clk
01:16:23]} {[%emt 00:00:26]} 4. e5 {[%clk 01:17:04]} {[%emt 00:00:06]} Nfd7
{[%clk 01:16:40]} {[%emt 00:00:12]} 5. f4 {[%clk 01:17:22]} {[%emt 00:00:13]}
c5 {[%clk 01:16:47]} {[%emt 00:00:23]} 6. Nf3 {[%clk 01:17:28]} {[%emt
00:00:24]} Nc6 {[%clk 01:17:04]} {[%emt 00:00:12]} 7. Be3 {[%clk 01:16:32]}
{[%emt 00:01:26]} Qb6 {[%clk 01:16:48]} {[%emt 00:00:39]} 8. a3 {[%clk
01:15:20]} {[%emt 00:01:50]} Qxb2 {[%clk 01:15:11]} {[%emt 00:02:06]} 9. Na4
{[%clk 01:15:30]} {[%emt 00:00:20]} Qxa1 {[%clk 01:14:35]} {[%emt 00:01:07]}
10. Qxa1 {[%clk 01:15:47]} {[%emt 00:00:13]} Be7 {[%clk 01:14:19]} {[%emt
00:00:45]} 11. Be2 {[%clk 01:14:14]} {[%emt 00:02:03]} O-O {[%clk 01:14:39]}
{[%emt 00:00:11]} 12. h4 {[%clk 01:13:28]} {[%emt 00:01:16]} b6 {[%clk
01:14:34]} {[%emt 00:00:35]} 13. g4 {[%clk 01:11:44]} {[%emt 00:02:14]} f6
{[%clk 01:07:43]} {[%emt 00:07:22]} 14. dxc5 {[%clk 01:06:11]} {[%emt
00:06:03]} bxc5 {[%clk 01:07:35]} {[%emt 00:00:37]} 15. Bb5 {[%clk 00:56:15]}
{[%emt 00:10:24]} Bb7 {[%clk 01:06:52]} {[%emt 00:01:09]} 16. exf6 {[%clk
00:54:47]} {[%emt 00:02:04]} Bxf6 {[%clk 01:07:07]} {[%emt 00:00:14]} 17. Qd1
{[%clk 00:54:43]} {[%emt 00:00:32]} d4 {[%clk 01:04:00]} {[%emt 00:03:40]} 18.
g5 {[%clk 00:53:23]} {[%emt 00:01:49]} Be7 {[%clk 01:04:13]} {[%emt 00:00:18]}
19. Bc1 {[%clk 00:53:07]} {[%emt 00:00:43]} a6 {[%clk 01:03:21]} {[%emt
00:01:25]} 20. Bc4 {[%clk 00:52:24]} {[%emt 00:01:13]} Nd8 {[%clk 01:03:13]}
{[%emt 00:00:36]} 21. Rh3 {[%clk 00:49:13]} {[%emt 00:03:41]} Bc6 {[%clk
01:03:10]} {[%emt 00:00:34]} 22. Nb2 {[%clk 00:49:02]} {[%emt 00:00:42]} Kh8
{[%clk 01:00:47]} {[%emt 00:02:51]} 23. Nd3 {[%clk 00:39:21]} {[%emt 00:10:12]}
Bd6 {[%clk 00:55:35]} {[%emt 00:05:42]} 24. Qe2 {[%clk 00:30:29]} {[%emt
00:09:19]} Re8 {[%clk 00:54:53]} {[%emt 00:01:13]} 25. Kd1 {[%clk 00:25:32]}
{[%emt 00:05:30]} Bb5 {[%clk 00:54:17]} {[%emt 00:01:05]} 26. Bxb5 {[%clk
00:25:39]} {[%emt 00:00:24]} axb5 {[%clk 00:54:08]} {[%emt 00:00:09]} 27. Qg2
{[%clk 00:24:31]} {[%emt 00:02:04]} c4 {[%clk 00:53:17]} {[%emt 00:01:24]} 28.
Nxd4 {[%clk 00:23:10]} {[%emt 00:01:51]} Rb8 {[%clk 00:50:36]} {[%emt
00:03:10]} 29. Nf2 {[%clk 00:22:27]} {[%emt 00:01:05]} Bc5 {[%clk 00:49:07]}
{[%emt 00:02:08]} 30. Nf3 {[%clk 00:22:25]} {[%emt 00:00:31]} Nc6 {[%clk
00:48:49]} {[%emt 00:00:46]} 31. Bb2 {[%clk 00:20:36]} {[%emt 00:02:23]} Nb6
{[%clk 00:48:16]} {[%emt 00:01:02]} 32. Nd2 {[%clk 00:20:10]} {[%emt 00:00:56]}
Rec8 {[%clk 00:47:39]} {[%emt 00:01:06]} 33. h5 {[%clk 00:17:17]} {[%emt
00:01:45]} Bd4 {[%clk 00:45:55]} {[%emt 00:03:52]} 34. Bxd4 {[%clk 00:15:53]}
{[%emt 00:01:55]} Nxd4 {[%clk 00:46:19]} {[%emt 00:00:07]} 35. h6 {[%clk
00:16:06]} {[%emt 00:00:16]} g6 {[%clk 00:46:40]} {[%emt 00:00:09]} 36. Qe4
{[%clk 00:16:22]} {[%emt 00:00:09]} Nf5 {[%clk 00:42:46]} {[%emt 00:04:27]} 37.
Qe5+ {[%clk 00:15:57]} {[%emt 00:00:55]} Kg8 {[%clk 00:42:18]} {[%emt
00:03:36]} 38. Qxe6+ {[%clk 00:17:58]} {[%emt 00:00:21]} Kh8 {[%clk 00:42:35]}
{[%emt 00:00:14]} 39. Qe5+ {[%clk 00:17:07]} {[%emt 00:01:22]} Kg8 {[%clk
00:42:46]} {[%emt 00:00:18]} 40. Ng4 {[%clk 00:17:27]} {[%emt 00:00:08]} Nd7
{[%clk 00:41:35]} {[%emt 00:01:44]} 41. Qe6+ {[%clk 00:17:05]} {[%emt
00:00:52]} Kf8 {[%clk 00:41:19]} {[%emt 00:00:45]} 42. Qxd7 {[%clk 00:17:03]}
{[%emt 00:00:32]} Rd8 {[%clk 00:41:00]} {[%emt 00:00:50]} 43. Qxh7 {[%clk
00:16:51]} {[%emt 00:00:41]} Ne7 {[%clk 00:39:20]} {[%emt 00:02:09]} 44. Qg7+
{[%clk 00:16:50]} {[%emt 00:00:29]} Ke8 {[%clk 00:39:43]} {[%emt 00:00:10]} 45.
Nf6# {[%emt 00:00:13]} 1-0

[Event "DEM U10w 2022"]
[Site "Willingen GER"]
[Date "2022.06.10"]
[Round "9"]
[White "Stiehler, Mara"]
[Black "Margaryan, Mane"]
[Result "1-0"]
[Termination "normal"]
[Board "3"]
[WhiteElo "1200"]
[BlackElo "1107"]
[WhiteClock "01:03:34"]
[BlackClock "00:55:22"]
[PlyCount "45"]
[WhiteFideId "34621199"]
[BlackFideId "16268237"]
[EventCountry "GER"]
[EventRounds "11"]
[EventType "swiss"]
[EventDate "2022.06.04"]

1. e4 {[%clk 01:15:58]} {[%emt 00:00:01]} c5 {[%clk 01:15:53]} {[%emt
00:00:08]} 2. Nc3 {[%clk 01:16:23]} {[%emt 00:00:04]} e6 {[%clk 01:15:55]}
{[%emt 00:00:28]} 3. Nge2 {[%clk 01:16:46]} {[%emt 00:00:07]} d5 {[%clk
01:15:41]} {[%emt 00:00:44]} 4. exd5 {[%clk 01:17:09]} {[%emt 00:00:07]} exd5
{[%clk 01:15:49]} {[%emt 00:00:22]} 5. d4 {[%clk 01:17:32]} {[%emt 00:00:08]}
Nf6 {[%clk 01:15:21]} {[%emt 00:00:58]} 6. Be3 {[%clk 01:17:33]} {[%emt
00:00:28]} c4 {[%clk 01:14:09]} {[%emt 00:01:42]} 7. Qd2 {[%clk 01:17:24]}
{[%emt 00:00:38]} Be7 {[%clk 01:13:35]} {[%emt 00:01:04]} 8. O-O-O {[%clk
01:17:15]} {[%emt 00:00:39]} O-O {[%clk 01:13:29]} {[%emt 00:00:37]} 9. f3
{[%clk 01:16:57]} {[%emt 00:00:47]} a6 {[%clk 01:13:31]} {[%emt 00:00:30]} 10.
g4 {[%clk 01:16:53]} {[%emt 00:00:33]} b5 {[%clk 01:13:10]} {[%emt 00:00:51]}
11. Ng3 {[%clk 01:16:58]} {[%emt 00:00:24]} Bb7 {[%clk 01:08:59]} {[%emt
00:04:42]} 12. h4 {[%clk 01:16:02]} {[%emt 00:01:26]} b4 {[%clk 01:08:38]}
{[%emt 00:00:51]} 13. Nb1 {[%clk 01:14:46]} {[%emt 00:01:45]} Nc6 {[%clk
01:06:58]} {[%emt 00:02:11]} 14. c3 {[%clk 01:14:49]} {[%emt 00:00:26]} a5
{[%clk 01:06:55]} {[%emt 00:00:34]} 15. g5 {[%clk 01:11:29]} {[%emt 00:03:49]}
Nd7 {[%clk 01:05:20]} {[%emt 00:02:06]} 16. h5 {[%clk 01:09:58]} {[%emt
00:02:00]} Qc7 {[%clk 01:04:03]} {[%emt 00:01:47]} 17. Nf5 {[%clk 01:09:19]}
{[%emt 00:01:10]} Rfe8 {[%clk 00:59:09]} {[%emt 00:05:21]} 18. g6 {[%clk
01:07:27]} {[%emt 00:02:24]} h6 {[%clk 00:57:17]} {[%emt 00:02:21]} 19. gxf7+
{[%clk 01:07:34]} {[%emt 00:00:24]} Kxf7 {[%clk 00:57:21]} {[%emt 00:00:26]}
20. Qg2 {[%clk 01:06:42]} {[%emt 00:01:21]} Bf6 {[%clk 00:55:52]} {[%emt
00:02:00]} 21. Qg6+ {[%clk 01:06:49]} {[%emt 00:00:23]} Kf8 {[%clk 00:55:50]}
{[%emt 00:00:32]} 22. Nxh6 {[%clk 01:03:34]} {[%emt 00:03:46]} Rxe3 {[%clk
00:55:22]} {[%emt 00:00:59]} 23. Qf7# {[%emt 00:00:10]} 1-0

[Event "DEM U10w 2022"]
[Site "Willingen GER"]
[Date "2022.06.10"]
[Round "9"]
[White "Mersmann, Jasmin"]
[Black "Hladeniuk, Yelyzaveta"]
[Result "0-1"]
[Termination "normal"]
[Board "4"]
[WhiteElo "1099"]
[BlackElo "1019"]
[WhiteClock "00:47:53"]
[BlackClock "00:57:36"]
[PlyCount "56"]
[WhiteFideId "34630287"]
[BlackFideId "34176128"]
[EventCountry "GER"]
[EventRounds "11"]
[EventType "swiss"]
[EventDate "2022.06.04"]

1. e4 {[%clk 01:15:58]} c6 {[%clk 01:15:45]} {[%emt 00:00:16]} 2. d4 {[%clk
01:16:21]} {[%emt 00:00:07]} d5 {[%clk 01:16:07]} {[%emt 00:00:07]} 3. e5
{[%clk 01:16:28]} {[%emt 00:00:24]} Bf5 {[%clk 01:16:27]} {[%emt 00:00:11]} 4.
Bd2 {[%clk 01:16:37]} {[%emt 00:00:19]} e6 {[%clk 01:16:44]} {[%emt 00:00:13]}
5. Nc3 {[%clk 01:16:31]} {[%emt 00:00:35]} Bb4 {[%clk 01:15:15]} {[%emt
00:02:01]} 6. Be2 {[%clk 01:15:58]} {[%emt 00:01:02]} Ne7 {[%clk 01:13:44]}
{[%emt 00:02:01]} 7. Nf3 {[%clk 01:15:56]} {[%emt 00:00:32]} O-O {[%clk
01:13:38]} {[%emt 00:00:36]} 8. O-O {[%clk 01:15:34]} {[%emt 00:00:52]} h6
{[%clk 01:11:53]} {[%emt 00:02:14]} 9. a3 {[%clk 01:14:03]} {[%emt 00:02:03]}
Bxc3 {[%clk 01:10:42]} {[%emt 00:01:41]} 10. Bxc3 {[%clk 01:14:18]} {[%emt
00:00:14]} Qc7 {[%clk 01:10:22]} {[%emt 00:00:49]} 11. Nd2 {[%clk 01:13:53]}
{[%emt 00:00:56]} c5 {[%clk 01:04:08]} {[%emt 00:06:44]} 12. dxc5 {[%clk
01:12:04]} {[%emt 00:02:19]} Qxc5 {[%clk 01:03:04]} {[%emt 00:01:35]} 13. Nb3
{[%clk 01:10:58]} {[%emt 00:01:36]} Qc7 {[%clk 01:02:40]} {[%emt 00:00:54]} 14.
Re1 {[%clk 01:11:07]} {[%emt 00:00:22]} Nbc6 {[%clk 01:02:32]} {[%emt
00:00:38]} 15. Bh5 {[%clk 01:10:36]} {[%emt 00:01:00]} Bg6 {[%clk 01:02:24]}
{[%emt 00:00:38]} 16. Re3 {[%clk 01:09:36]} {[%emt 00:01:31]} Nf5 {[%clk
01:01:55]} {[%emt 00:00:58]} 17. Re1 {[%clk 01:08:24]} {[%emt 00:01:41]} Bxh5
{[%clk 01:00:07]} {[%emt 00:02:19]} 18. Qxh5 {[%clk 01:08:30]} {[%emt
00:00:23]} Qe7 {[%clk 00:58:49]} {[%emt 00:01:48]} 19. Bd2 {[%clk 01:07:17]}
{[%emt 00:01:42]} Qh4 {[%clk 00:58:03]} {[%emt 00:01:17]} 20. Qxh4 {[%clk
01:05:46]} {[%emt 00:02:01]} Nxh4 {[%clk 00:58:22]} {[%emt 00:00:10]} 21. a4
{[%clk 01:05:00]} {[%emt 00:01:17]} Rfc8 {[%clk 00:58:08]} {[%emt 00:00:44]}
22. Re3 {[%clk 01:02:37]} {[%emt 00:02:52]} Nf5 {[%clk 00:58:19]} {[%emt
00:00:20]} 23. Re2 {[%clk 01:01:55]} {[%emt 00:01:13]} Nfd4 {[%clk 00:58:19]}
{[%emt 00:00:30]} 24. Rae1 {[%clk 00:51:11]} {[%emt 00:11:13]} Nxe2+ {[%clk
00:57:40]} {[%emt 00:01:09]} 25. Rxe2 {[%clk 00:49:40]} {[%emt 00:02:02]} Ne7
{[%clk 00:57:42]} {[%emt 00:00:28]} 26. c3 {[%clk 00:48:54]} {[%emt 00:01:16]}
Rc4 {[%clk 00:57:29]} {[%emt 00:00:42]} 27. a5 {[%clk 00:48:53]} {[%emt
00:00:32]} b6 {[%clk 00:57:36]} {[%emt 00:00:23]} 28. Re3 {[%clk 00:47:53]}
{[%emt 00:01:29]} Nf5 {[%emt 00:12:57]} 0-1

[Event "DEM U10w 2022"]
[Site "Willingen GER"]
[Date "2022.06.10"]
[Round "9"]
[White "Glotz, Katharina"]
[Black "Heidtkamp, Anna"]
[Result "1-0"]
[Termination "normal"]
[Board "6"]
[WhiteElo "1067"]
[BlackElo "1163"]
[WhiteClock "00:36:41"]
[BlackClock "00:08:52"]
[PlyCount "71"]
[WhiteFideId "34631011"]
[BlackFideId "16269012"]
[EventCountry "GER"]
[EventRounds "11"]
[EventType "swiss"]
[EventDate "2022.06.04"]

1. e4 {[%emt 00:00:06]} e5 {[%clk 01:15:57]} {[%emt 00:00:02]} 2. Nf3 {[%clk
01:16:12]} {[%emt 00:00:12]} Nc6 {[%clk 01:16:23]} {[%emt 00:00:05]} 3. Bc4
{[%clk 01:15:49]} {[%emt 00:00:52]} Bc5 {[%clk 01:16:48]} {[%emt 00:00:05]} 4.
O-O {[%clk 01:15:50]} {[%emt 00:00:28]} Nf6 {[%clk 01:17:07]} {[%emt 00:00:11]}
5. d4 {[%clk 01:15:21]} {[%emt 00:00:59]} Bxd4 {[%clk 01:17:33]} {[%emt
00:00:05]} 6. Nxd4 {[%clk 01:15:30]} {[%emt 00:00:21]} Nxd4 {[%clk 01:17:55]}
{[%emt 00:00:08]} 7. f4 {[%clk 01:15:42]} {[%emt 00:00:17]} d6 {[%clk
01:18:01]} {[%emt 00:00:25]} 8. fxe5 {[%clk 01:15:53]} {[%emt 00:00:19]} dxe5
{[%clk 01:18:16]} {[%emt 00:00:15]} 9. Bg5 {[%clk 01:16:06]} {[%emt 00:00:16]}
Be6 {[%clk 01:18:40]} {[%emt 00:00:07]} 10. Bxf6 {[%clk 01:15:54]} {[%emt
00:00:41]} gxf6 {[%clk 01:18:36]} {[%emt 00:00:35]} 11. Na3 {[%clk 01:15:38]}
{[%emt 00:00:45]} Bxc4 {[%clk 01:16:25]} {[%emt 00:02:42]} 12. Nxc4 {[%clk
01:13:43]} {[%emt 00:02:24]} b5 {[%clk 01:10:48]} {[%emt 00:06:07]} 13. Ne3
{[%clk 01:11:17]} {[%emt 00:02:55]} c6 {[%clk 01:09:29]} {[%emt 00:01:51]} 14.
c3 {[%clk 01:09:34]} {[%emt 00:02:13]} Ne6 {[%clk 01:07:24]} {[%emt 00:02:36]}
15. Qf3 {[%clk 01:07:36]} {[%emt 00:02:23]} a5 {[%clk 00:54:48]} {[%emt
00:13:10]} 16. Qxf6 {[%clk 01:03:11]} {[%emt 00:04:54]} Qxf6 {[%clk 00:54:58]}
{[%emt 00:00:22]} 17. Rxf6 {[%clk 01:03:31]} {[%emt 00:00:08]} Ke7 {[%clk
00:52:13]} {[%emt 00:03:16]} 18. Raf1 {[%clk 01:01:42]} {[%emt 00:02:16]} Raf8
{[%clk 00:50:41]} {[%emt 00:02:05]} 19. Ng4 {[%clk 01:00:34]} {[%emt 00:01:38]}
Nf4 {[%clk 00:47:02]} {[%emt 00:04:09]} 20. Rxc6 {[%clk 00:57:18]} {[%emt
00:03:46]} Rhg8 {[%clk 00:42:18]} {[%emt 00:05:13]} 21. Ne3 {[%clk 00:54:26]}
{[%emt 00:03:21]} Nh3+ {[%clk 00:36:53]} {[%emt 00:05:56]} 22. Kh1 {[%clk
00:54:36]} {[%emt 00:00:20]} Ng5 {[%clk 00:34:50]} {[%emt 00:02:33]} 23. Rc5
{[%clk 00:51:03]} {[%emt 00:03:58]} Rb8 {[%clk 00:33:37]} {[%emt 00:01:49]} 24.
Nf5+ {[%clk 00:48:06]} {[%emt 00:03:25]} Ke6 {[%clk 00:27:41]} {[%emt
00:06:27]} 25. Rc6+ {[%clk 00:45:09]} {[%emt 00:03:27]} Kd7 {[%clk 00:27:36]}
{[%emt 00:00:35]} 26. Rd6+ {[%clk 00:44:00]} {[%emt 00:01:39]} Ke8 {[%clk
00:27:26]} {[%emt 00:00:40]} 27. Rd5 {[%clk 00:43:35]} {[%emt 00:00:52]} f6
{[%clk 00:22:29]} {[%emt 00:05:30]} 28. Re1 {[%clk 00:42:07]} {[%emt 00:01:55]}
Rg6 {[%clk 00:14:28]} {[%emt 00:08:35]} 29. Nd6+ {[%clk 00:40:59]} {[%emt
00:01:37]} Ke7 {[%clk 00:13:04]} {[%emt 00:01:55]} 30. Nxb5 {[%clk 00:41:06]}
{[%emt 00:00:23]} Rgg8 {[%clk 00:12:23]} {[%emt 00:01:10]} 31. Nd6 {[%clk
00:39:05]} {[%emt 00:02:17]} Rxb2 {[%clk 00:10:57]} {[%emt 00:02:10]} 32. Nf5+
{[%clk 00:38:54]} {[%emt 00:00:39]} Ke8 {[%clk 00:10:40]} {[%emt 00:00:49]} 33.
Rxa5 {[%clk 00:36:42]} {[%emt 00:02:42]} Nxe4 {[%clk 00:09:53]} {[%emt
00:01:18]} 34. Ra8+ {[%clk 00:36:56]} {[%emt 00:00:15]} Kf7 {[%clk 00:10:15]}
{[%emt 00:00:08]} 35. Nh6+ {[%clk 00:36:51]} {[%emt 00:00:36]} Kg7 {[%clk
00:08:52]} {[%emt 00:01:53]} 36. Nxg8 {[%clk 00:36:41]} {[%emt 00:00:40]} 1-0